Stolice świata z literą „Ż” - Statystyki

Ogólne statystyki
  • Ten quiz został rozwiązany 87 razy
  • Średni wynik to 4 z 7
Statystyki odpowiedzi
Stolica % Poprawnych
Dżakarta
70%
Dżibuti
69%
Paryż
68%
Abudża
65%
Ndżamena
57%
Bandżul
55%
Dżuba
52%
Nie znaleziono quizów pasujących do podanych kryteriów
Rozkład punktacji
Procent ludzi z każdym wynikiem
Percentyl według liczby udzielonych odpowiedzi
Twoja historia wyników
Nie rozwiązałeś tego quizu